Garcilaso de la Vega y sus comentaristas
Guardat en:
| Autor principal: | |
|---|---|
| Format: | Llibre |
| Idioma: | espanyol |
| Publicat: |
Madrid
Gredos
1972
|
| Edició: | 2a. ed |
| Col·lecció: | Biblioteca Románica Hispánica, 7
|
| Matèries: | |
| Etiquetes: |
Afegir etiqueta
Sense etiquetes, Sigues el primer a etiquetar aquest registre!
|
MARC
| LEADER | 00000nam a2200000 a 4500 | ||
|---|---|---|---|
| 001 | UCV9614 | ||
| 003 | CL-VaPUC | ||
| 008 | 921209e19720000SP |||||||||||||||||spa|d | ||
| 082 | 0 | 4 | |a 861.09 |b GAL |2 21 |
| 100 | |a Gallego Morell, Antonio |e author |9 543492 | ||
| 245 | 1 | 0 | |a Garcilaso de la Vega y sus comentaristas |
| 250 | |a 2a. ed | ||
| 300 | |a 699 p | ||
| 942 | |c BK | ||
| 945 | |d 19921209 00:00:00 | ||
| 260 | |a Madrid |b Gredos |c 1972 | ||
| 600 | 0 | |a VEGA, GARCILASO DE LA |9 508868 | |
| 650 | 0 | |a Poesías españolas |9 265100 | |
| 650 | 0 | |a Crítica e interpretación |9 255042 | |
| 583 | |a last modification |c 19921209 00:00:00 |k Rodrigo Vera | ||
| 490 | 0 | |a Biblioteca Románica Hispánica, 7 | |
| 999 | |c 214922 |d 214920 | ||
| 952 | |0 0 |1 0 |4 0 |6 861_090000000000000_GAL_1972 |7 0 |8 P |9 198752 |a BIBARQ |b BIBARQ |d 2019-11-14 |i 2661578 |o 861.09 GAL 1972 |p 2661578 |r 2025-01-20 |w 2019-11-14 |y BK |k ARQ | ||